Akademický maliar, Otokár Čila, namaľoval portrét bývalého ministra Vavra Šrobára v Trenčianskych Tepliciach

Fotografia, na ktorej je akad. maliar v ateliéri, kde mu sedí Vavro Šrobár ako model. V zábere je model i jeho portrét

Podrobná bibliografia
Médium: Článok
Jazyk:slovenčina
Predmet:

MARC

LEADER 00000nab a22000001a 4500
001 vtls008997939
003 SK-MaSNL
005 20260303065824.0
008 070611d19361121xo |r|p|||| |000 b|slo
015 |a SNBRRBVU1918-1938 
038 |a SNKBUCL 
038 |a SNKBUVU 
040 |a SNKBUVU  |b slo  |c SNKBUCL  |e AACR2 
041 0 |a slo 
044 |a xo  |c SK 
080 |a 75.071.1  |2 1997 
080 |a 929 Číla, Otakar  |2 1997 
245 0 0 |a Akademický maliar, Otokár Čila, namaľoval portrét bývalého ministra Vavra Šrobára v Trenčianskych Tepliciach 
520 |a Fotografia, na ktorej je akad. maliar v ateliéri, kde mu sedí Vavro Šrobár ako model. V zábere je model i jeho portrét 
600 1 7 |a Číla, Otakar  |d 1984-1977  |2 MM  |9 1066401 
655 7 |a fotografie  |2 MM  |9 70713 
773 0 |t Nový svet  |g Roč. 11, č. 47 (21.11.1936), s. 4 
852 |a SNK  |b KIS3GCP 
910 |a snkrbvumm 
958 |a VY 
958 |a BC 
958 |a CZ 
999 |c 1752875  |d 1754805